000 00407nam a2200169Ia 4500
008 230524s9999 xx 000 0 und d
020 _a0852260148
082 _a621.382
_bAAT
100 _aVasudev K.Aatre
245 0 _aNetwork Theory and Filter Design
250 _a2ND
260 _aNEW DELHI
_bNAI
_c2002
300 _aXV;476
500 _aQuantity Number: 6
650 _aElectrical
942 _cBK
999 _c17727
_d17727